Plan Rector del Centro Histórico [de Guadalajara] /

El Plan Rector del Centro Histórico buscaba orientar e integrar la dinámica del centro de Guadalajara, de los proyectos y trabajos que ahí se realizan, por parte de las autoridades, los organismos sociales y la ciudadanía en general, mediante una visión integral y estratégica, para activar su oferta...

Fuld beskrivelse

Guardado en:
Bibliografiske detaljer
Institution som forfatter: Guadalajara. Presidente Municipal. 1998-2000 (Ramírez Acuña)
Format: Bog
Sprog:spansk
Fag:
Tags: Tilføj Tag
Ingen Tags, Vær først til at tagge denne postø!

MARC

LEADER 00000nam^a2200000^a^4500
001 000186506
005 20250521000000.0
009 20260310102229.658
037 |a Acervo ITESO - Biblioteca 
041 |a ESP 
082 |a 320. 972  |b PLA JAL 2000 V. 39 T. 1 
110 |a Guadalajara.  |b Presidente Municipal. 1998-2000 (Ramírez Acuña) 
240 1 1 |a [Plan Nacional de Desarrollo, 1995-2000] 
240 1 1 |a [Programa Estatal de Desarrollo] 
240 1 1 |a [Plan de Desarrollo Municipal Guadalajara 2000] 
245 1 0 |a Plan Rector del Centro Histórico [de Guadalajara] / 
264 |a Guadalajara, México :  |b Ayuntamiento de Guadalajara,  |c 1998 
300 |a 37 p. 
336 |a texto  |b txt  |2 rdacontenido 
337 |a sin mediación  |b n  |2 rdamedio 
338 |a volumen  |b nc  |2 rdasoporte 
520 |a El Plan Rector del Centro Histórico buscaba orientar e integrar la dinámica del centro de Guadalajara, de los proyectos y trabajos que ahí se realizan, por parte de las autoridades, los organismos sociales y la ciudadanía en general, mediante una visión integral y estratégica, para activar su oferta urbana a nivel turístico, económico, social, patrimonial, urbano, de salud y de seguridad que exigía la zona. 
649 |a XX 
650 |a Centros Históricos -  |z Guadalajara, Jalisco 
650 |a Centros Históricos -  |z Jalisco 
650 |a Centros Históricos -  |z México 
650 |a Desarrollo Urbano -  |z Guadalajara, Jalisco 
650 |a Desarrollo Urbano -  |z Jalisco 
650 |a Desarrollo Urbano -  |z México 
650 |a Desarrollo Económico-Social -  |z Guadalajara, Jalisco 
650 |a Desarrollo Económico-Social -  |z Jalisco 
650 |a Desarrollo Económico-Social -  |z México 
650 |a Desarrollo Económico-Social -  |z Guadalajara, Jalisco 
650 |a Desarrollo Económico-Social -  |z Jalisco 
650 |a Desarrollo Económico-Social -  |z México 
650 |a Desarrollo Sustentable -  |z Guadalajara, Jalisco 
650 |a Desarrollo Sustentable -  |z Jalisco 
650 |a Desarrollo Sustentable -  |z México 
650 |a Planeación Administrativa -  |z Guadalajara, Jalisco 
650 |a Planeación Administrativa -  |z Jalisco 
650 |a Planeación Administrativa -  |z México 
650 |a Política -  |z Guadalajara, Jalisco -  |x Historia -  |y 1994-2000 
650 |a Política -  |z Jalisco -  |x Historia -  |y 1994-2000 
650 |a Política -  |z México -  |x Historia -  |y 1994-2000 
650 |a Guadalajara, Jalisco -  |x Historia -  |y 1994-2000 
650 |a Jalisco -  |x Historia -  |y 1994-2000 
650 |a México -  |x Historia -  |y 1994-2000 
650 |a Guadalajara, Jalisco -  |x Planeación 
650 |a Jalisco -  |x Planeación 
650 |a México -  |x Planeación 
910 |a Fondo Julio de la Peña Lomelín 
920 |a Impresos - Libros 
930 |a Arquitectos Jaliscienses 
905 |a 115 
901 |a 0500128176  |b IT1  |c JAL  |u 20250521 
902 |a https://opac.biblio.iteso.mx/vufind/Record/000186506